书目信息 |
| 题名: |
计算方法与实习学习指导与习题解析
|
|
| 作者: | 孙志忠 编 | |
| 分册: | ||
| 出版信息: | 南京 东南大学出版社 2005.01 |
|
| 页数: | 137页 | |
| 开本: | 24cm | |
| 丛书名: | 21世纪高等学校教材 | |
| 单 册: | ||
| 中图分类: | O241-42 | |
| 科图分类: | ||
| 主题词: | 计算方法--ji suan fang fa--数值计算--高等学校--自学参考资料 | |
| 电子资源: | ||
| ISBN: | 7-81089-831-0 | |
| 000 | 01162nam 2200265 450 | |
| 001 | 012006656952 | |
| 005 | 20060305135037.85 | |
| 010 | @a7-81089-831-0@dCNY12.00 | |
| 100 | @a20060303d2005 km y0chiy0120 ea | |
| 101 | 0 | @achi |
| 102 | @aCN@b320000 | |
| 105 | @aa z 000yy | |
| 200 | 1 | @a计算方法与实习学习指导与习题解析@Aji suan fang fa yu shi xi xue xi zhi dao yu xi ti jie xi@f孙志忠编@Fsun zhi zhong bian |
| 210 | @a南京@c东南大学出版社@d2005.01 | |
| 215 | @a137页@c图@d24cm | |
| 225 | 2 | @a21世纪高等学校教材@A21 shi ji gao deng xue xiao jiao cai |
| 314 | @a孙志忠 (1963~),男,1984年获南京大学学位,1990年在中国科学院计算中心计算数学与科学工程计算研究所获博士学位。现为教授、博士生导师、教研室主任。 | |
| 330 | @a本书是全国优秀畅销书《计算方法与实习》一书的全部习题解答,涉及误差分析、方程求根、线性方程组数值解法、插值法、常微分方程和矩阵特征值及特征向量的计算。 | |
| 333 | @a理工科大学生、教师。 | |
| 410 | 0 | @12001 @a21世纪高等学校教材 |
| 606 | 0 | @a计算方法@Aji suan fang fa@x数值计算@x高等学校@j自学参考资料 |
| 690 | @aO241-42@v4 | |
| 701 | 0 | @a孙志忠@Asun zhi zhong@4编 |
| 801 | 0 | @aCN@bQSSK@c20060305 |
| 905 | @a10447@dO241-42@eS989 | |
| 计算方法与实习学习指导与习题解析/孙志忠编.-南京:东南大学出版社,2005.01 |
| 137页:图;24cm.-(21世纪高等学校教材) |
| 使用对象:理工科大学生、教师。 |
| ISBN 7-81089-831-0:CNY12.00 |
| 本书是全国优秀畅销书《计算方法与实习》一书的全部习题解答,涉及误差分析、方程求根、线性方程组数值解法、插值法、常微分方程和矩阵特征值及特征向量的计算。 |
| ● |
| 相关链接 |
|
|
|
正题名:计算方法与实习学习指导与习题解析
索取号:O241-42/S989
 
预约/预借
| 序号 | 登录号 | 条形码 | 馆藏地/架位号 | 状态 | 备注 |
| 1 | 554246 | 205542466 | 自科库401/401自科库 49排4列3层/ [索取号:O241-42/S989] | 在馆 | |
| 2 | 554247 | 205542475 | 自科库401/401自科库 49排4列3层/ [索取号:O241-42/S989] | 在馆 | |
| 3 | 554248 | 205542484 | 自科库401/401自科库 49排4列3层/ [索取号:O241-42/S989] | 在馆 |